|
|
|
|
| LEADER |
00000nas a22000001a 4500 |
| 001 |
vtls010301079 |
| 003 |
SK-MaSNL |
| 005 |
20260228163151.0 |
| 008 |
110810d19551957xo u p r 0 b0slo |
| 015 |
|
|
|a SNBDS17XX9999
|
| 015 |
|
|
|a 0110
|2 Balúnová 1945-60
|
| 038 |
|
|
|a SNKBUDS
|
| 040 |
|
|
|a SNK
|b slo
|c SNK
|e AACR2
|
| 041 |
0 |
|
|a slo
|
| 044 |
|
|
|a xo
|c SK
|
| 080 |
|
|
|a 78
|2 2001
|
| 080 |
|
|
|a 78.071.1
|2 2001
|
| 245 |
0 |
0 |
|a Bulletin Sväzu slovenských skladateľov
|
| 260 |
|
|
|a Bratislava
|b Sväz slovenských skladateľov v Bratislave
|c 1955-1957
|
| 300 |
|
|
|a 3 roč.
|c 21 x 31 cm
|
| 310 |
|
|
|a Periodicita sa nedá určiť
|
| 362 |
0 |
|
|a Roč. I, č. 1 (22. okt. 1955)-roč. III, č. 7 (10. febr. 1957)
|
| 500 |
|
|
|a Vych. v Bratislave [nepravidelne]
|
| 500 |
|
|
|a Red. Ernest Zavarský
|
| 500 |
|
|
|a Vyd. Sväz slov. skladateľov v Bratislave
|
| 500 |
|
|
|a Tlač. rozmn. rotaprintom v záv. Technografia v Bratislave
|
| 500 |
|
|
|a Vych. od 22. okt. 1955. Posl. č. 7/III z 10. febr. 1957. Číslovanie priebežné vo všetkých ročníkoch
|
| 505 |
8 |
0 |
|g Roč. I. 1955 2 č. (č. 1-2) po 18-32 s.
|
| 505 |
8 |
0 |
|g Roč. II. 1956 4 č. (č. 3-6) po 27-40 s.
|
| 505 |
8 |
0 |
|g Roč. III. 1957 1 č. (č. 7) 32 s.
|
| 580 |
|
|
|a Od apríla 1957 pokračoval pod názvom Slovenská hudba
|
| 650 |
0 |
7 |
|a hudba
|2 SNKPH
|9 1063
|
| 650 |
0 |
7 |
|a hudobní skladatelia
|2 SNKPH
|9 3188
|
| 655 |
|
7 |
|a hudobné bulletiny
|2 SNKBUDS
|9 273251
|
| 700 |
1 |
|
|a Zavarský, Ernest,
|d 1913-1995
|4 red
|9 117873
|
| 710 |
2 |
|
|a Zväz slovenských spisovateľov
|9 159767
|
| 785 |
0 |
0 |
|t Slovenská hudba
|
| 852 |
|
|
|a SNK
|b 10000
|h ČSB 1080
|
| 852 |
|
|
|a UKB
|b 300000
|h SB 5832
|
| 852 |
|
|
|a SVKKK
|b 900000
|h C 1456
|
| 999 |
|
|
|c 8967
|d 10897
|